| 000 | 01774nam a2200277 a 4500 | ||
|---|---|---|---|
| 001 | 80029 | ||
| 003 | BD-RjUL | ||
| 005 | 20230131140535.0 | ||
| 008 | 220623s2008 bg a|||| m||| 00| 0 ben d | ||
| 035 | _a(BD-RjUL)80029 | ||
| 040 |
_aBD-RjUL _bben/eng _cBD-RjUL _dBD-RjUL |
||
| 041 | _aben | ||
| 082 |
_223 _a305.42095492 _bBEB 2008 |
||
| 100 |
_aবেগম, মোসা. নূরজাহান _93844 |
||
| 245 | 1 | 0 |
_aবাংলাদেশের নারী শিক্ষার প্রসার : _bপ্রসঙ্গ উপবৃত্তি কার্যক্রম, ১৯৯৪-২০০৬ / _cমোসা. নূরজাহান বেগম ; _6গবেষণা তত্ত্বাবধায়ক : এ. এফ. এম.শামসুর রহমান |
| 260 |
_aরাজশাহী : _bইতিহাস বিভাগ, রাজশাহী বিশ্ববিদ্যালয়, _c২০০৮ |
||
| 300 |
_axvi, ২৪৮ পাতা : _bচিত্র ; _c২৯ সেমি. |
||
| 502 | _aথিসিস (পিএইচ. ডি.) -- ইতিহাস বিভাগ, রাজশাহী বিশ্ববিদ্যালয়,২০০৮ | ||
| 504 | _aগ্রন্থপঞ্জি : পাতা ২২৮-২৩৭ | ||
| 650 |
_aনারী _xশিক্ষা _zবাংলাদেশ _y১৯৯৪-২০০৬ খ্রিষ্টাব্দ _93845 |
||
| 650 |
_aWomen _xEducation _zBangladesh _y1994-2006 A. D _93846 |
||
| 650 |
_aউপবৃত্তি _zবাংলাদেশ _93847 |
||
| 650 |
_aStipend _zBangladesh _93848 |
||
| 700 |
_aরহমান, এ. এফ. এম.শামসুর, গবেষণা তত্ত্বাবধায়ক _93849 |
||
| 942 |
_2ddc _cTHE |
||
| 999 |
_c80029 _d80029 |
||